000
00249nam a22001097a 4500
008
180730b xxu||||| |||| 00| 0 eng d
082
_a
813.52
245
_a
Marilyn Monroe
_c
Wilderness
300
_a
1
_f
CD
440
_x
056775033095
942
_2
ddc
_c
MX
999
_c
46684
_d
46684